La casa del Greco (Record no. 60273)

MARC details
000 -LEADER
campo de control de longitud fija 00701nam a2200181 i 4500
001 - NÚMERO DE CONTROL
campo de control 60273
003 - IDENTIFICADOR DE NÚMERO DE CONTROL
campo de control ES-MaACL
005 - FECHA Y HORA DE LA ÚLTIMA TRANSACCIÓN
campo de control 20230906164210.0
007 - CAMPO FIJO DE DESCRIPCIÓN FÍSICA--INFORMACIÓN GENERAL
campo de control de longitud fija t|
008 - DATOS DE LONGITUD FIJA--INFORMACIÓN GENERAL
campo de control de longitud fija 031104s1912 sp a |||| |dspa d
100 1# - ENTRADA PRINCIPAL--NOMBRE DE PERSONA
Nombre de persona Espresati, Carlos G.
9 (RLIN) 47945
245 13 - MENCIÓN DEL TÍTULO
Título La casa del Greco
Resto del título : conferencia pronunciada el día 16 de marzo de 1912 en la Escuela Especial de Ingenieros de Caminos, Canales y Puertos /
Mención de responsabilidad, etc. Carlos G. Espresati.
260 ## - PUBLICACIÓN, DISTRIBUCIÓN, ETC.
Lugar de publicación, distribución, etc. Madrid :
Nombre del editor, distribuidor, etc. [s.n.],
Fecha de publicación, distribución, etc. 1912 (
Fabricante Est. Tip. Fortanet)
300 ## - DESCRIPCIÓN FÍSICA
Extensión 46 p. :
Otras características físicas il. ;
Dimensiones 24 cm.
610 2# - PUNTO DE ACCESO ADICIONAL DE MATERIA--NOMBRE DE ENTIDAD CORPORATIVA
Nombre de entidad corporativa o nombre de jurisdicción como elemento de entrada Casa y Museo del Greco.
9 (RLIN) 169664
710 2# - ENTRADA AGREGADA--NOMBRE DE ENTIDAD CORPORATIVA
Nombre de entidad corporativa o nombre de jurisdicción como elemento de entrada Escuela Especial de Ingenieros de Caminos, Canales y Puertos (Madrid)
9 (RLIN) 170634
852 ## - LOCALIZACIÓN
Ubicación ES-MaACL
Número de control de estantería T-1328-F-8
Holdings
Estatus retirado Estado de pérdida Estado de daño No para préstamo Colección Biblioteca de origen Biblioteca actual Ubicación en estantería Fecha de adquisición Fuente de adquisición Total de préstamos Signatura topográfica completa Código de barras Visto por última vez Precio de reemplazo Tipo de ítem Koha
        Colección de folletos Biblioteca del Ateneo de Madrid Biblioteca del Ateneo de Madrid Depósito folletos 17/01/2008     T-1328-F-8 1063218 23/02/2023 23/02/2023 Folleto